| 000 | 00639nam a22001937a 4500 | ||
|---|---|---|---|
| 003 | 0 | ||
| 005 | 20230619125132.0 | ||
| 008 | 230619b xxu||||| |||| 00| 0 eng d | ||
| 020 | _a978-971-630-185-4 | ||
| 082 |
_aFil. 398.209599 _b.Ve465 2014 |
||
| 245 |
_aAng karerahan nina kalabaw at pagong at iba pang kuwentong-bayan ukol sa mga hayop _cVentura, Sylvia Mendez |
||
| 260 |
_aMakati City _bTahanan Books for Young Readers _cc2014 |
||
| 300 |
_a55pp. _bill. _c25cm. |
||
| 500 | _aTales-Philippines. | ||
| 500 | _aFolklore-Philippines | ||
| 500 | _aFables,Filipino. | ||
| 500 | _aChildren's stories, Filipino. | ||
| 942 |
_2ddc _cBK |
||
| 999 |
_c365020 _d365020 |
||